Personnages de This is us par images - Statistiques

Statistiques générales
  • Ce quiz a été pris 69 fois
  • Le résultat moyen est 10 sur 16
Statistiques - réponses
Par images Réponse % Correct
Kevin Pearson
95%
Kate Pearson
94%
Jack Pearson
92%
Randall Pearson
89%
Rebecca Malone
81%
Miguel Rivas
77%
Toby Damon
77%
Beth Clarke
76%
Deja
68%
William Hill
60%
Sophie
53%
Nick Pearson
52%
Madison
47%
Malick
40%
Cassidy Sharp
16%
Dr. Nathan Katowski
8%
Aucun quiz correspondant
Distribution des résultats
% des personnes avec chaque résultat
Percentile par nombre de réponses
Votre historique - résultats
Vous n’avez pas pris ce quiz